000 02008nam0a2200397 4500
001 RU\NLR\BIBL_A\022755169
005 20260521172015.0
010 _a978-5-04-220120-2
_93000
021 _aRU
_bКН-П-26-003376
_9КН-П-26-0307
035 _a(NLR Aleph) 022755169
090 _a13711060
_c13711060
100 _a20260317d2025 m y0rusy50 ca
101 1 _arus
_cfre
102 _aRU
105 _aac z 000zy
181 0 _ab3
_bxb2e
181 0 _ai1
_baxxe
182 0 _an
200 1 _aMetallica. От Kill 'em all до 72 seasons
_fБенуа Клэр
_g[перевод с французского С. Ткачук]
203 _aИзображение
_aТекст
_bвизуальные
_cнепосредственные
210 _aМосква
_cЭксмо, Бомбора
_d2025
215 _a516 с.
_cил., цв. ил., портр.
_d28
225 1 _aЛегенды музыкального мира
_eиллюстрированные издания
300 _aЗагл. и авт. ориг.: Metallica - la totale / Benoit Clerc
333 _a18+. Незаконное потребление наркотических средств, психотропных веществ, их аналогов причиняет вред здоровью, их незаконный оборот запрещен и влечет установленную законодательством ответственность
454 0 _12001#$aMetallica - la totale$fBenoit Clerc
_1700#1$aClerc$bB.$gBenoit
_tMetallica - la totale
_aClerc, Benoit
601 0 2 _a"Металлика", группа
_cСША
_92086465
_3RU\NLR\AUTH\661262604
686 1 _aЩ364.13(7США)6-68"Металлика", группа
700 1 _aКлэр
_bБ.
_gБенуа
712 0 2 _4570
_a"Металлика", группа
_cСША
_9464318
_3RU\NLR\AUTH\889984305
942 _cBOOK
980 _aNB
996 _aметка
_bnar